| 000 | 00519nam a22001817a 4500 | ||
|---|---|---|---|
| 005 | 20251108173444.0 | ||
| 008 | 250721s9999 xx 000 0 ara d | ||
| 082 | 1 | 4 | _a891.78/بير |
| 100 | 1 | _aبيرموف، نوري | |
| 245 | 1 | 0 | _aألوان العالم السبعة دفاتر تركمانية / |
| 300 | _a157ص | ||
| 650 | 1 | 7 | _aالقصص القصيرة |
| 650 | 1 | 7 | _aالشعر |
| 650 | 1 | 7 | _aالأدب الشعبي |
| 650 | 1 | 7 | _aالإتحاد السوفيتي |
| 942 |
_2ddc _cBK |
||
| 999 |
_c104279 _d104279 |
||